Tratado de sociología; introducción, sociología general, morfología social, sociología económica, so /
Guardado en:
| Autor Principal: | |
|---|---|
| Formato: | Libro |
| Publicado: |
Argentina :
Kapelusz,
1962
|
| Materias: | |
| Etiquetas: |
Agregar Etiqueta
Sin Etiquetas, Sea el primero en etiquetar este registro!
|
| LEADER | 00863nam a22002295a 4500 | ||
|---|---|---|---|
| 001 | CEM.cems003085 | ||
| 005 | 19000101000000.0 | ||
| 008 | 130507s1962##################000#0#####d | ||
| 003 | CEMS | ||
| 082 | 0 | 4 | |a 301 |
| 100 | 1 | |a Gurvitch, Georges | |
| 245 | 1 | 0 | |a Tratado de sociología; introducción, sociología general, morfología social, sociología económica, so / |c Georges Gurvitch |
| 260 | |a Argentina : |b Kapelusz, |c 1962 | ||
| 300 | |a 592 p. | ||
| 505 | 0 | |a e produccion y del trabajo, sindicalismo, autogestion obrera, conflictos de trabajo; Industria y sociedad | |
| 653 | |a Sociedad e industria | ||
| 653 | |a Sociologia | ||
| 653 | |a Sociologia economica | ||
| 653 | |a Sociologia geografica | ||
| 653 | |a Sociologia industrial | ||
| 859 | |a CEMS |b BIB. CEMS - 11 de abril |h 301 |i G969/1 |p 1911.74 |t Ej.2 | ||
| 859 | |a CEMS |b BIB. CEMS - 11 de abril |h 301 |i G969/1 |p 550.73 |t Ej.1 | ||
